International Trade Law (Record no. 3436)
[ view plain ]
| 000 -LEADER | |
|---|---|
| fixed length control field | 00408nam a2200157Ia 4500 |
| 008 - FIXED-LENGTH DATA ELEMENTS--GENERAL INFORMATION | |
| fixed length control field | 151213s9999 xx 000 0 und d |
| 020 ## - INTERNATIONAL STANDARD BOOK NUMBER | |
| International Standard Book Number | 0-455-21673-8 |
| 100 ## - MAIN ENTRY--PERSONAL NAME | |
| Personal name | M. Rafiqul Islam |
| 245 ## - TITLE STATEMENT | |
| Title | International Trade Law |
| Statement of responsibility, etc. | M. Rafiqul Islam |
| 260 ## - PUBLICATION, DISTRIBUTION, ETC. (IMPRINT) | |
| Place of publication, distribution, etc. | U S A |
| Name of publisher, distributor, etc. | LBC. Informaation Services - 1999 |
| Date of publication, distribution, etc. | 1995 |
| 300 ## - PHYSICAL DESCRIPTION | |
| Extent | 5968 p. |
| 650 ## - SUBJECT ADDED ENTRY--TOPICAL TERM | |
| Topical term or geographic name as entry element | Law |
| 650 ## - SUBJECT ADDED ENTRY--TOPICAL TERM | |
| Topical term or geographic name as entry element | Law |
| 700 ## - ADDED ENTRY--PERSONAL NAME | |
| Personal name | M. Rafiqul Islam |
No items available.
